| 000 | 01128nam a2200253 i 4500 | ||
|---|---|---|---|
| 001 | 96665 | ||
| 003 | ES-MaACL | ||
| 005 | 20251003192811.0 | ||
| 007 | t| | ||
| 008 | 050629s1912 fr cbf |||| |dfre d | ||
| 080 | _a929 Bolívar, Simón | ||
| 080 | _a929 Miranda, Francisco de | ||
| 100 | 1 |
_aMancini, Jules. _975930 |
|
| 245 | 1 | 0 |
_aBolivar et l'émancipation des colonies espagnoles des origines a 1815 _b: avec un portrait en héliogravure et une carte / _cJules Mancini. |
| 260 |
_aParis : _bPerrin et Cie., _c1912 ( _eTours : _fE. Arrault et Cie) |
||
| 300 |
_a[1] h. de lám., 606 p., [1] h. de mapa pleg. ; _c23 cm. |
||
| 505 | 8 |
_aContiene: Llivre premier ; _tOrigines de la révolution sud-américiane - L. II ; _tLe précurseur: Miranda - L. III ; _tBolivar |
|
| 600 | 1 | 4 |
_aBolívar, Simón, _d1783-1830 _929964 |
| 600 | 1 | 4 |
_aMiranda, Francisco de, _d1750-1816 _981520 |
| 651 | 4 |
_aAmérica española- _xHistoria- _y1600-1830, Época colonial. _9149267 |
|
| 651 | 4 |
_aAmérica española- _xHistoria- _y1806-1830, Guerras de la Independencia. _97726 |
|
| 852 |
_aES-MaACL _jF-1125 |
||
| 999 |
_c96665 _d96665 |
||